000 00967cad a22002055a 4500
001 L149322
008 090720s2009 xxk 000 0 eng u
035 _a(Sirsi) u149322
041 0 _aeng
100 1 _aBarker, John
245 0 0 _aDivine undertakings
_ba practitioner's view on church repairs
_h[electronic resource]
260 _c2010
490 4 _aRICS Building Conservation Journal
_vMarch/April 2010, 7-8(2)
520 _aA practitioner's view on church repairs and a summary of some of the main areas that will affect the success of a project, including the Ecclesiastical Exemption from listed building control and working with Parochial Church Councils (PCC).
590 _aKA
651 4 _aUnited Kingdom
_y
690 _aBUILT ENVIRONMENT-BUILDING MAINTENANCE AND REFURBISHMENT-BUILDING RESTORATION
856 4 1 _uhttps://www.rics.org/site/scripts/download_info.aspx?downloadID=5880
_zView this item (member-only access) at www.rics.org
942 _n0
999 _c82131
_d82131